Responses for Show #8092 - Tuesday, November 12, 2019

2019 Tournament of Champions semifinal game 2.

Contestants

[<< previous game]

Rachel Lindgren, an astronomy interpreter from Bend, Oregon

Steven Grade, a sports industry consultant from Atlanta, Georgia

James Holzhauer, a professional sports gambler from Las Vegas, Nevada

[next game >>]

Jeopardy! Round responses

HAIL, CAESAR!
WORLD CAPITAL AIRPORTS
PLACES TO LIVE
MAMMALS
FANTASY FOOTBALL
"X"s & "O"s
    $200 29
Celine Dion

Steven
    $200 28
Tokyo

James
    $200 27
a crib

Rachel
    $200 22
a camel

Steven
    $200 30
the Green Bay Packers

Steven
    $200 26
outsourcing

Rachel
    $400 23
(Alex: Oh, it's a marvelous film. [*].)

My Favorite Year

Triple Stumper
    $400 14
Nairobi

James
    $400 24
a triplex

Steven
    $400 9
wolf

James
    $400 20
the Seahawks

James
    $400 25
omnivore

James
    $600 16
Israel

James
    $600 13
Port-au-Prince

James
    $600 21
dormitory

Rachel
    $600 8
Angora

Rachel
    $600 5
Joe Montana

James
    $600 19
xylem

Steven
    $800 11
Nero

James
    $800 12
Amsterdam

James
    $800 15
barracks

Steven
    $800 7
(Steven: What is a gazelle?)

an antelope

StevenRachel
    $800 3
the (Buffalo) Bills

James
    $800 18
ostracize

Rachel
    $1000 2
tableside

Steven
    $1,000 1
Tunis

James
    $1000 10
a carriage (house)

Steven
    $1000 6
a peccary

James
    $1000 4
the Miami Dolphins

Steven
    $1000 17
xiphoid

James

Scores at the first commercial break (after clue 15):

James Steven Rachel
$6,400 $3,000 $1,400

Scores at the end of the Jeopardy! Round:

James Steven Rachel
$9,000 $4,600 $3,200

Double Jeopardy! Round responses

NAVAL GAZING
VISIONARIES
COMMUNICATION
HOW'S YOUR LATIN VOCABULARY?
NOVELS BY CHARACTERS
DON'T FORGET THE LYRICS
    $400 29
the Constitution

Steven
    $400 28
John

James
    $400 25
memorandum

Rachel
    $400 26
crux

Rachel
    $400 19
Wuthering Heights

Steven
    $400 20
suspicious minds

James
    $800 30
a convoy

Triple Stumper
    $800 27
(Steven: Who is Gabriel?)

Michael

JamesSteven
    $800 24
translating

James
    $800 22
law

James
    $800 18
(James: What is War and Peace?)

Doctor Zhivago

JamesSteven
    $800 16
"Don't Bring Me Down"

James
    $1200 9
Trafalgar

Steven
    $9,066 6
Constantine

James
    $1200 23
stealing signs

Steven
    $1200 21
a cloud

James
    $1200 12
White Teeth

Triple Stumper
    $1200 13
shut up and dance with me

James
    $1600 8
the Missouri

James
    $1600 4
(Emanuel) Swedenborg

James
    $1600 3
permission

James
    $3,200 1
gravitas

Rachel
    $1600 11
The Confessions of Nat Turner

Triple Stumper
    $1600 15
The Black Eyed Peas

Steven
    $2000 7
(Alex: It was the Boxer Rebellion.)

China

Triple Stumper
    $2000 5
(Steven: What is Lourdes?)

Fatima

JamesSteven
    $2000 17
sleep talking

Steven
    $2000 2
comitatus

Triple Stumper
    $2000 10
Of Human Bondage

Steven
    $2000 14
Thunderball

Triple Stumper

Scores at the end of the Double Jeopardy! Round:

James Steven Rachel
$30,466 $11,400 $7,200
(lock game)

[wagering suggestions for these scores]

Final Jeopardy! Round responses

U.S. DEMOGRAPHICS
[As Alex reads Steven's response, James gives a thumbs-up to Steven.]
[Laughter]
(Alex: [To Steven] Hey, you're a champion. You deserve to be here.)
RachelWhat is are the Green & Rust Belts?
$0
StevenWhat is Thanks for having me back!
$0
JamesWhat are Sun Bible & Rust?
$310
the Sun Belt & the Rust Belt

Final scores:

James Steven Rachel
$30,156 $11,400 $7,200
Finalist 2nd place: $10,000 3rd place: $10,000

Game dynamics:

Coryat scores:

James Steven Rachel
$22,600 $11,400 $5,600
27 R
(including 2 DDs),
1 W
17 R,
3 W
9 R
(including 1 DD),
0 W

Combined Coryat: $39,600

[game clues] [game scores] [suggest correction]

Game tape date: 2019-09-18
The J! Archive is created by fans, for fans. Scraping, republication, monetization, and malicious use prohibited; this site may use cookies and collect identifying information. See terms. The Jeopardy! game show and all elements thereof, including but not limited to copyright and trademark thereto, are the property of Jeopardy Productions, Inc. and are protected under law. This website is not affiliated with, sponsored by, or operated by Jeopardy Productions, Inc. Join the discussion at JBoard.tv.